(Almost) Every Sonic Game - Statistics

General Stats
  • This quiz has been taken 125 times
  • The average score is 30 of 68
Answer Stats
Hint Answer % Correct
1991, Genesis Sonic the Hedgehog/Sonic 1
100%
1992, Genesis Sonic the Hedgehog 2/Sonic 2
99%
1994, Genesis Sonic the Hedgehog 3/Sonic 3
98%
1998, Dreamcast Sonic Adventure
89%
2001, Dreamcast Sonic Adventure 2
88%
1993, Sega CD Sonic CD
84%
1997, Saturn Sonic R
83%
1994, Genesis Sonic & Knuckles
80%
2010, Wii/3DS Sonic Colors
77%
2006, Xbox 360/PS3 Sonic the Hedgehog 2006/Sonic 06
76%
2011, Xbox 360/PS3/3DS/PC Sonic Generations
75%
2008, Xbox 360/PS3/Wii/PS2/Java Sonic Unleashed
75%
2007, Wii Sonic and the Secret Rings
73%
2017, Xbox One/PS4/Switch/PC Sonic Forces
71%
2022, Xbox One/Xbox Series X/PS4/PS5/Switch/PC Sonic Frontiers
71%
2003, Xbox/PS2/Gamecube/PC Sonic Heroes
71%
2005, Xbox/PS2/Gamecube Shadow the Hedgehog
67%
2009, Wii Sonic and the Black Knight
66%
2005, DS Sonic Rush
66%
2017, Xbox One/PS4/Switch/PC Sonic Mania
63%
2002, GBA Sonic Advance
61%
2013, Wii U/PC Sonic Lost World
61%
2003, GBA Sonic Advance 2
60%
2004, GBA Sonic Advance 3
59%
2013, iOS/Android Sonic Dash
59%
2023, Xbox One/Xbox Series X/PS4/PS5/Switch/PC Sonic Superstars
49%
2014, Wii U Sonic Boom: Rise of Lyric
47%
2007, DS Sonic Rush Adventure
47%
1995 or 1996, Genesis/Saturn Sonic 3D Blast
45%
2010, Xbox 360/PS3/Wii/iOS/Android Sonic the Hedgehog 4 Episode 1/Sonic 4 Episode 1/Sonic 4 Ep 1
42%
2016, 3DS Sonic Boom: Fire & Ice
41%
2012, Xbox 360/PS3/PC/iOS/Android Sonic the Hedgehog 4 Episode 2/Sonic 4 Episode 2/Sonic 4 Ep 2
41%
1995, 32X Knuckles Chaotix
40%
2023, iOS Sonic Dream Team
40%
2022, Xbox One/PS4/Switch/PC/Xbox Series X/PS5 Sonic Origins
39%
1993, Genesis/Game Gear Sonic Spinball
39%
1994, Game Gear Sonic Triple Trouble
37%
1996, Game Gear Sonic Blast
36%
2007, Wii/DS Mario & Sonic at the Olympic Games
31%
2000, Dreamcast Sonic Shuffle
30%
2019, Xbox One/PS4/Switch/PC Team Sonic Racing
30%
2021, Xbox One/PS4/Switch/PC Sonic Colors Ultimate
29%
2015, iOS/Android Sonic Dash 2: Sonic Boom/Sonic Dash 2
29%
2005/2007, Sonic Cafe/iOS/Android Sonic Jump
29%
1993, Genesis/Game Gear Dr. Robotnik's Mean Bean Machine
28%
2018, Xbox One/PS4/Switch/PC Sonic Mania Plus
28%
1995, Game Gear Tails Adventure
28%
1995, Game Gear Tails Sky Patrol
27%
2015, iOS/Android Sonic Runners
25%
1993, Arcade SegaSonic the Hedgehog
24%
2014, 3DS Sonic Boom: Shattered Crystal
24%
1993, Game Gear Sonic Chaos
23%
2017, iOS/Android Sonic Forces: Speed Battle
23%
2009, Wii/DS Mario & Sonic at the Olympic Winter Games
20%
2005, Gamecube Sonic Gems Collection
19%
2002, Gamecube Sonic Mega Collection
19%
2023, Xbox One/Xbox Series X/PS4/PS5/Switch/PC Sonic Origins Plus
17%
1996, PC Sonic's Schoolhouse
17%
2011, Wii Mario & Sonic at the London 2012 Olympic Games
14%
2020, iOS/Android Sonic at the Olympic Games
14%
2016, Wii U Mario & Sonic at the Rio 2016 Olympic Games
13%
2003, GBA Sonic Pinball Party
13%
2014, iOS/Android Sonic Jump Fever
12%
2004, PS2/Xbox Sonic Mega Collection Plus
11%
2013, Wii U Mario & Sonic at the Sochi 2014 Olympic Winter Games
8%
2019, Switch Mario & Sonic at the Olympic Games Tokyo 2020
7%
1993, Arcade SegaSonic Popcorn Shop
5%
1993, Arcade SegaSonic Cosmo Fighter
4%
No matching quizzes found
Score Distribution
Percent of People with Each Score
Percentile by Number Answered
Your Score History
You have not taken this quiz